Children's Books Authors Quiz Stats

 Plays Quiz Updated Feb 20, 2019

     
Support Sporcle.
Go Orange.
Score 0/24 Timer 05:00
3 Plays Today
Title Author % Correct
The Cat In The HatDr. Seuss
89.4%
Charlie and the Chocolate FactoryRoald Dahl
77.6%
Charlotte's WebE.B. White
75%
Series of Unfortunate EventsLemony Snicket
60.4%
The Tales of Beedle the BardJ. K. Rowling
57.5%
The Tale of Peter RabbitBeatrix Potter
55.4%
The Giving TreeShel Silverstein
53.6%
SuperfudgeJudy Blume
47.2%
Where the Wild Things AreMaurice Sendak
46.2%
A Wrinkle in TimeMadeleine L'Engle
42.3%
Ramona the PestBeverly Cleary
42.1%
The Very Hungry CaterpillarEric Carle
41%
Title Author % Correct
The Secret GardenFrances Hodgson Burnett
24.2%
Artemis FowlEoin Colfer
22.9%
Goodnight MoonMargaret Wise Brown
20.5%
Maniac MageeJerry Spinelli
18.9%
The MittenJan Brett
16.5%
The Polar ExpressChris Van Allsburg
16.3%
Alexander and the Terrible, Horrible, No Good Very Bad DayJudith Viorst
12.2%
The Boxcar ChildrenGertrude Warner
10.7%
CorduroyDon Freeman
8.4%
Harold and the Purple CrayonCrockett Johnson
8.2%
The Velveteen RabbitMargery Williams
7.1%
Cloudy with a Chance of MeatballsJudi Barrett
5.1%

From the Vault

UN Secretaries-General

by EasilyConfused

History 3m
The official residence of the Secretary-General is a five-story townhouse in the Sutton Place neighborhood of Manhattan, but you can find them all here.
Remove Ads.
Support Sporcle.
Get the best of Sporcle when you Go Orange. This ad-free experience offers more features, more stats, and more fun while also helping to support Sporcle. Thank you for becoming a member.

Show Comments

Extras

Top Quizzes Today


Score Distribution

Your Account Isn't Verified!

In order to create a playlist on Sporcle, you need to verify the email address you used during registration. Go to your Sporcle Settings to finish the process.

Report this User

Report this user for behavior that violates our Community Guidelines.

Details: